| 000 -LEADER |
| fixed length control field |
00707cam a22001937a 4500 |
| 008 - FIXED-LENGTH DATA ELEMENTS--GENERAL INFORMATION |
| fixed length control field |
180718b xxu||||| |||| 00| 0 eng d |
| 082 ## - DEWEY DECIMAL CLASSIFICATION NUMBER |
| Classification number |
Q39 In2 |
| 100 ## - MAIN ENTRY--PERSONAL NAME |
| Personal name |
India Disaster Management Training Country Workshop (1993 12-16 July :IIPA :New Delhi) |
| 245 ## - TITLE STATEMENT |
| Title |
Disaster economics |
| 260 ## - PUBLICATION, DISTRIBUTION, ETC. |
| Place of publication, distribution, etc. |
New Delhi |
| Name of publisher, distributor, etc. |
Indian Institute Of Public Administrationp. |
| Date of publication, distribution, etc. |
|
| 650 ## - SUBJECT ADDED ENTRY--TOPICAL TERM |
| Topical term or geographic name entry element |
Disaster management |
| 650 ## - SUBJECT ADDED ENTRY--TOPICAL TERM |
| Topical term or geographic name entry element |
Disaster preparedness |
| 650 ## - SUBJECT ADDED ENTRY--TOPICAL TERM |
| Topical term or geographic name entry element |
Disasters |
| 700 ## - ADDED ENTRY--PERSONAL NAME |
| Personal name |
Indian Institute of Public Administration |
| 700 ## - ADDED ENTRY--PERSONAL NAME |
| Personal name |
Sharma, Vinod C |
| 700 ## - ADDED ENTRY--PERSONAL NAME |
| Personal name |
Asian Disaster Preparedness Center, Bangkok |
| 700 ## - ADDED ENTRY--PERSONAL NAME |
| Personal name |
India. Department of Agriculture and Cooperation, Ministry of Agriculture |
| 700 ## - ADDED ENTRY--PERSONAL NAME |
| Personal name |
Bull, Ross |